| 000 | 00371nam a2200133Ia 4500 | ||
|---|---|---|---|
| 008 | 230917s9999||||xx |||||||||||||| ||und|| | ||
| 040 |
_e66949 _aMAIN |
||
| 041 | _aEnglish | ||
| 082 | _a796.076137 A58C | ||
| 245 | 0 | _aConditioning and physical fitness: Current answers to relevant questions | |
| 260 |
_aIowa _bW M C Brown _c1978 |
||
| 300 | _axiii, 286 p. | ||
| 942 | _cBK | ||
| 999 |
_c208263 _d208263 |
||